000 00424nam a22001697a 4500
003 NUST-PNEC
005 20170116181039.0
008 150202b xxu||||| |||| 00| 0 eng d
040 _cLIBRARY
082 _a534 KIN
100 _911546
_a Kinsler, Lawrence E
245 _aFundamentals of Acoustics
_cLawrence E Kinsler
250 _a3rd ed.
260 _c1982
650 _911547
_aSound-waves
_xMIS, EL
942 _2ddc
_cBK
999 _c68048
_d68048